Took 5-fors vs England during Duncan Fletcher's tenure - Statistics

General Stats
  • This quiz has been taken 8 times
  • The average score is 15 of 23
Answer Stats
Hint Answer % Correct
SA, 3 Donald
100%
SA, 1 Kallis
100%
AUS, 7 McGrath
100%
SL, 4 Muralitharan
100%
SA, 2 Ntini
100%
SA, 1 Pollock
100%
IND, 3 Singh
100%
SL, 1 Vaas
100%
WI, 2 Walsh
100%
AUS, 7 Warne
100%
NZ, 1 Cairns
67%
AUS, 1 Gillespie
67%
IND, 3 Kumble
67%
AUS, 1 MacGill
67%
PAK, 1 Mushtaq
67%
ZIM, 1 Streak
67%
PAK, 1 Gul
33%
SA, 1 Nel
33%
PAK, 1 Akhtar
0%
WI, 1 Bravo
0%
WI, 1 Gayle
0%
SA, 1 Langeveldt
0%
NZ, 1 Tuffey
0%
No matching quizzes found
Score Distribution
Percent of People with Each Score
Percentile by Number Answered
Your Score History
You have not taken this quiz